000
00328nam a2200133Ia 4500
008
240624s9999 xx 000 0 und d
041
_a
eng
082
_a
613.219 BAL
100
_a
BALI KAREN
245
_a
HEALTHY FOOD FOR CHILDREN
260
_c
2010
_a
New Delhi
_b
Viva Books
300
_a
104 : p. : cm. ; 21
365
_c
RS
_b
33
999
_c
15624
_d
15624